Statistics for If You're Too Shy (Let Me Know) - The 1975 (All Lyrics)

Click here to take the quiz!

General Stats

  • This quiz has been taken 75 times
  • The average score is 346 of 404

Answer Stats

If You're Too Shy (Let Me Know)% Correct
Bridge | Verse 1I
100%
a
98%
be
98%
if
98%
If
98%
know
98%
let
98%
me
98%
then
98%
Then
98%
to
98%
too
98%
Too
98%
you
98%
You
98%
your
98%
go
95%
the
95%
it
93%
like
93%
of
93%
on
93%
see
93%
shy
93%
that
93%
think
93%
time
93%
would
93%
All
90%
off
90%
should
90%
took
90%
we
90%
you're
90%
better
88%
I'm
88%
not
88%
said
88%
she
88%
She
88%
get
85%
Girl
85%
girl
85%
her
85%
ChorusMaybe
85%
And
83%
and
83%
call
83%
clothes
83%
don't
83%
give
83%
hotel
83%
in
83%
so
83%
tough
83%
about
80%
baby
80%
online
80%
there
80%
screen
78%
trying
78%
dreams
76%
need
76%
stare
76%
talks
76%
up
76%
with
76%
won't
76%
been
73%
gotta
73%
I've
73%
say
73%
what
73%
back
71%
It's
71%
mean
71%
playing
71%
they
71%
While
71%
down
68%
something
68%
twins
68%
Chorus | Pre-ChorusWell
68%
called
66%
found
66%
makes
66%
There's
66%
bout'
61%
every
61%
things
61%
This
61%
nervous
59%
just
56%
morning
56%
seven
56%
looked
54%
starting
54%
through
54%
wanna
54%
wearing
54%
drink
51%
nothing
51%
Sometimes
51%
thinking
51%
bins
49%
feel
49%
gonna
49%
motel
49%
stop
49%
weird
49%
giving
46%
murder
46%
she's
46%
couldn't
44%
wanted
39%
calling
37%
care
34%
ending
34%
happy
34%
pretend
32%
there'd
24%
spoke
17%

Score Distribution

Percentile by Number Answered

Percent of People with Each Score

Your Score History

You have not taken this quiz